000
00255pab a2200109 454500
008
180718b xxu||||| |||| 00| 0 eng d
100
_a
Mustafa, Seema
245
_a
Taking secularism to the masses
650
_a
Secularism
773
_a
Mainstream
909
_a
2780
999
_c
2780
_d
2780